| 000 | 00825nam a22002537a 4500 | ||
|---|---|---|---|
| 005 | 20170124103048.0 | ||
| 010 | _aB-101200 | ||
| 020 | _c00.00 | ||
| 035 | _aB-101200 | ||
| 037 | _bCen Lib/Ret | ||
| 040 |
_aDPL _bHN |
||
| 082 |
_aन _bसहग |
||
| 100 |
_aसहगल, प्रताप _969824 |
||
| 245 |
_aरंग बसन्ती / _cप्रताप सहगल |
||
| 246 |
_aRang basanti / _bby Pratap Sahgal |
||
| 260 |
_aदिल्ली _bपराग प्रकाशन |
||
| 270 |
_bदिल्ली _e110032 |
||
| 300 |
_a104पृ. _c17सेमी (सजिल्द) |
||
| 650 |
_aहिन्दी साहित्य _969825 |
||
| 650 |
_aनाटक _969826 |
||
| 650 |
_aHindi literature _969827 |
||
| 650 |
_aPlay _969828 |
||
| 942 |
_2ddc _cHN _hन _mसहग |
||
| 999 |
_c117053 _d117053 |
||